Communities at risk: industrial risk in Indian law (Record no. 62870)

000 -LEADER
fixed length control field 01248pab a2200157 454500
008 - FIXED-LENGTH DATA ELEMENTS--GENERAL INFORMATION
fixed length control field 180718b2004 xxu||||| |||| 00| 0 eng d
100 ## - MAIN ENTRY--PERSONAL NAME
Personal name Ramanathan, usha
245 ## - TITLE STATEMENT
Title Communities at risk: industrial risk in Indian law
260 ## - PUBLICATION, DISTRIBUTION, ETC.
Date of publication, distribution, etc. 2004
300 ## - PHYSICAL DESCRIPTION
Extent p.4521-527.
362 ## - DATES OF PUBLICATION AND/OR SEQUENTIAL DESIGNATION
Dates of publication and/or sequential designation 9 Oct
520 ## - SUMMARY, ETC.
Summary, etc. Industrial risk was a dormant concern till it precipitated into the Bhopal Gas Disaster in December 1984. The sitting of industrial risk, and its exiling, have been part of law, policy and practice over the 20 years since Bhopal. There is, however, an incoherence in the development of law and policy. The anxiety about risk and hazard exists, but legal imagination has not been able to cope with the consequences of either leaving risk where it is, or exiling it. The courts do not possess the equipment needed to work out the reorganisation of spaces to minimise, or outlaw, risk. Yet, when the question of risk and hazard is taken to the court, the judiciary cannot turn away. It has sometimes refused to be definitive, and sometimes shown a tolerance of risk, asking of persons resident around risk to become superior risk bearers. - Reproduced.
650 ## - SUBJECT ADDED ENTRY--TOPICAL TERM
Topical term or geographic name entry element Occupational safety
773 ## - HOST ITEM ENTRY
Main entry heading Economic and Political Weekly
909 ## -
-- 62870
Holdings
Withdrawn status Lost status Damaged status Not for loan Permanent Location Current Location Date acquired Serial Enumeration / chronology Barcode Date last seen Price effective from Koha item type
        Indian Institute of Public Administration Indian Institute of Public Administration 2018-07-19 Volume no: 39, Issue no: 41 AR63320 2018-07-19 2018-07-19 Articles

Powered by Koha